Statistics for Every Ciara song that hit the Billboard hot 100

Click here to take the quiz!

General Stats

  • This quiz has been taken 22 times
  • The average score is 12 of 20

Answer Stats

Peak Chart PositionYearSong% Correct
12004Goodies
100%
220051, 2 Step
91%
192007Like A Boy
91%
22005Oh
82%
422007Ride
82%
112006Promise
73%
442013I'm Out
64%
432015I Bet
64%
222007Body Party
64%
1002015Dance Like We're Making Love
64%
102009Love Sex Magic
64%
72006Get Up
55%
962005And I
55%
102006So What
45%
402013Can't Leave 'Em Alone
45%
32005Like You
45%
32005Lose Control
45%
662009Never Ever
45%
782008Go Girl
36%
902008Stepped On My J'z
36%

Score Distribution

Percentile by Number Answered

Percent of People with Each Score

Your Score History

You have not taken this quiz